000 00897nam a2200241Ia 4500
003 GCL
008 140319s9999 xx 000 0 ara d
040 _aGCL /
_cGCL
082 0 4 _a811.062
_bش د
100 1 _aخليل ابراهيم
245 1 0 _aديوان الإمام الشافعى /
_cخليل ابراهيم
700 1 _aالشافعى، ابوعبدالله محمد بن ادريس، 767-819 م
250 _aالرابعة
260 _aبيروت :
_bدار الفكر اللبنانى ،
_c1997
300 _a80 ص ؛
_c24 سم
650 0 4 _aالشعر العربى
650 0 4 _aالشعر الدينى
650 0 4 _aالشعراء العرب
650 0 4 _aالامام الشافعى
650 0 4 _aالشعر العربى - دواوين وقصائد
650 0 4 _aالشعر العربى - تاريخ ونقد - العصر العباسى الأول
942 _2ddc
_cBK
999 _c4714
_d4714